| 000 | 01408ny a22003493n 4500 | ||
|---|---|---|---|
| 005 | 20240305165314.0 | ||
| 008 | 050330t2004 sp 000 0 spa c | ||
| 017 | _aD.L. B.39153-2004 | ||
| 020 | _a8476987137 | ||
| 035 | _a476 | ||
| 040 |
_aNoBUC _dvLex |
||
| 040 |
_aUMA.RE _dvLex |
||
| 080 | _a347.725(460)(0.034) | ||
| 090 |
_c242 _d242 |
||
| 100 | 1 | _aSánchez Linde, Mario | |
| 245 | 1 | 0 |
_aAgrupación de acciones para ciertos derechos de la minoría en la sociedad anónima _h[Recurso electrónico] _cMario Sánchez Linde |
| 256 | _aServicio en línea | ||
| 260 |
_aBarcelona: _bJose Maria Bosch, _c2004 |
||
| 300 |
_a130 p. ; _c22 cm |
||
| 504 | _aBibliografía | ||
| 506 | 1 |
_aContenido solo disponible en los productos indicados _dvLex Global _dvLex Global (Academic Edition, excluding Law Schools) _dvLex Global (U.S. Academic Edition, Law Schools) _dvLex Global (U.S. Academic Edition, excluding Law Schools) _dvLex Global (Academic Edition, Law Schools) |
|
| 650 | 0 | 7 |
_aSocietario _2Tesauro vLex |
| 650 | 0 | 7 |
_aSociedades _2Tesauro vLex |
| 650 | 0 | 7 |
_aSociedad anónima _2Tesauro vLex |
| 650 | 0 | 7 |
_aAcción societaria _2Tesauro vLex |
| 650 | 0 | 7 |
_aDerecho de sociedades _2Tesauro vLex |
| 650 | 0 | 7 |
_aAcciones _2Tesauro vLex |
| 650 | 0 | 7 |
_aSociedades mercantiles _2Tesauro vLex |
| 740 | 0 | _avLex Libros (Servicios en línea) | |
| 856 | 4 | 0 | _uhttps://app.vlex.com/#/sources/476 |
| 942 | _cRAA | ||
| 999 |
_c158776 _d158776 |
||